Biblioteca

The Hermeneutics of the Fraternidad Teológica Latinoamericana on its fortieth anniversary (Registro nro. 68790)

Detalles MARC
000 -LÍDER
Campo fijo de descripción fija 01800nab a2200241 i 4500
001 - NÚMERO DE CONTROL
Campo de control 768714001
003 - IDENTIFICADOR DEL NÚMERO DE CONTROL
Campo de control CO-MdFUSB
005 - FECHA Y HORA DE LA ULTIMA TRANSACCIÓN
control field 20230613104319.0
008 - ELEMENTOS DE LONGITUD FIJA -- INFORMACIÓN GENERAL
Campo fijo de descripción fija -- Información general 230427s2011 us ||||| |||| 00| 0 eng d
022 ## - NÚMERO INTERNACIONAL NORMALIZADO PARA PUBLICACIONES SERIADAS
Número Internacional Normalizado para Publicaciones Seriadas 1669-8649
040 ## - FUENTE DE CATALOGACIÓN
Idioma de catalogación spa
Agencia Catalogadora CO-MdFUSB
Agencia que realiza la transcripción CO-MdFUSB
Agencia que realiza la modificación CO-MdFUSB
041 ## - CÓDIGO DE IDIOMA
Código de idioma para texto/pista de sonido o título separado eng
100 ## - ASIENTO PRINCIPAL--NOMBRE PERSONAL
Nombre personal Ávila Arteaga, Mariano,
Término relacionador autor
245 14 - TÍTULO
Título The Hermeneutics of the Fraternidad Teológica Latinoamericana on its fortieth anniversary
Subtitulo : still towards a Latin American evangelical contextual hermeneutics
Mención de responsabilidad / Mariano Ávila Arteaga
300 ## - DESCRIPCIÓN FÍSICA
Extensión Volumen 6, número 1 (2011), páginas 38 - 85
Dimensiones ; 20 cm
520 ## - NOTA DE RESUMEN, ETC.
Nota de sumario, etc. En este artículo Mariano Ávila, teólogo mexicano y profesor en el Seminario Teológico Calvin, guía a los lectores a navegar hábilmente algunas teorías modernistas y de dependencia para entender Latinoamérica a lo largo de la última mitad de siglo. En respuesta al Vaticano II y a las teologías de la liberación, los miembros fundadores de la FTL lucharon a favor de un “compromiso con la Palabra de Dios y con la realidad Latinoamericana”. Ávila muestra cuánto desafió este compromiso los fundamentos de la hermenéutica dominante de los evangélicos norteamericanos. A lo largo de este artículo, Mariano explica claramente el rol de temas hermenéuticos difíciles como el Reino de Dios y los cuatro componentes principales del círculo hermenéutico de la FTL. <br/><br/>
546 ## - NOTA DE IDIOMA
Nota de idioma Texto en Inglés
610 #0 - PUNTO DE ACCESO ADICIONAL DE MATERIA - NOMBRE ENTIDAD CORPORATIVA
Nombre de entidad corporativa o nombre de jurisdicción como elemento inicial Fraternidad Teológica Latinoamericana,
650 #7 - ASIENTO SECUNDARIO DE MATERIA - TERMINO TEMÁTICO
9 (RLIN) 418
Término temático o nombre geográfico como elemento de entrada Hermenéutica
650 #0 - ASIENTO SECUNDARIO DE MATERIA - TERMINO TEMÁTICO
9 (RLIN) 691
Término temático o nombre geográfico como elemento de entrada Teología de la liberación
Subdivisión geográfica América Latina
773 0# - ASIENTO DE ITEM FUENTE
Biblionumber 49416
Itemnumber 81277
Lugar, editorial y fecha de publicación Santiago de Chile
Otro identificador del ítem R1725
Título Journal of Latin American Theology :
Número de control del registro (CO-MdFUSB)118
Número Internacional Normalizado para Publicaciones Seriadas (ISSN) 1669-8949
Parte(s) relacionada(s) / Volumen., número. (mes año), páginas Volumen 6, número 1 (2011), páginas 38 - 85
Enumeración y primera página página 38
942 ## - TIPO DE MATERIAL (KOHA)
Tipo de Item KOHA Artículos de Revista

No hay ítems disponibles.

Biblioteca FUSBC | Teléfono: (57+4) 349 88 10 Ext. 141| WhatsApp (+57) 3005338115 
E-mail: biblioteca@unisbc.edu.co | Calle 76 87-14 Robledo Palenque, Medellín, Colombia

Con tecnología Koha